MARC details
| 000 -LEADER |
| fixed length control field |
00996cam a2200289 a 4500 |
| 001 - CONTROL NUMBER |
| control field |
4506928 |
| 003 - CONTROL NUMBER IDENTIFIER |
| control field |
OSt |
| 005 - DATE AND TIME OF LATEST TRANSACTION |
| control field |
20160511105235.0 |
| 008 - FIXED-LENGTH DATA ELEMENTS--GENERAL INFORMATION |
| fixed length control field |
980526s1999 nyuab b 001 0 eng |
| 010 ## - LIBRARY OF CONGRESS CONTROL NUMBER |
| LC control number |
98025873 |
| 020 ## - INTERNATIONAL STANDARD BOOK NUMBER |
| International Standard Book Number |
0810919915 (Abrams hardcover set) |
| 020 ## - INTERNATIONAL STANDARD BOOK NUMBER |
| International Standard Book Number |
0130825832 (Prentice Hall hardcover) |
| 020 ## - INTERNATIONAL STANDARD BOOK NUMBER |
| International Standard Book Number |
0130825816 (pbk. : vol. 1) |
| 020 ## - INTERNATIONAL STANDARD BOOK NUMBER |
| International Standard Book Number |
0130825824 (pbk. : vol. 2) |
| 040 ## - CATALOGING SOURCE |
| Original cataloging agency |
SEKU |
| 050 00 - LIBRARY OF CONGRESS CALL NUMBER |
| Classification number |
N 5300 |
| Item number |
.S9 1999 |
| 100 1# - MAIN ENTRY--PERSONAL NAME |
| Personal name |
Stokstad, Marilyn, |
| Dates associated with a name |
1929- |
| 245 10 - TITLE STATEMENT |
| Title |
Art history / |
| Statement of responsibility, etc. |
Marilyn Stokstad ; with the collaboration of Bradford R. Collins, and with chapters by Stephen Addiss ... [et al]. |
| 250 ## - EDITION STATEMENT |
| Edition statement |
Rev. ed. |
| 260 ## - PUBLICATION, DISTRIBUTION, ETC. (IMPRINT) |
| Place of publication, distribution, etc. |
New York : |
| Name of publisher, distributor, etc. |
H.N. Abrams, |
| Date of publication, distribution, etc. |
1999. |
| 300 ## - PHYSICAL DESCRIPTION |
| Extent |
2 v. (various pagings) : |
| Other physical details |
ill. (some col.), maps (some col.) ; |
| Dimensions |
30 cm. |
| 504 ## - BIBLIOGRAPHY, ETC. NOTE |
| Bibliography, etc |
Includes bibliographical references and index. |
| 650 #0 - SUBJECT ADDED ENTRY--TOPICAL TERM |
| Topical term or geographic name as entry element |
Art |
| General subdivision |
History. |
| 700 1# - ADDED ENTRY--PERSONAL NAME |
| Personal name |
Collins, Bradford R., |
| Dates associated with a name |
1942- |
| 700 1# - ADDED ENTRY--PERSONAL NAME |
| Personal name |
Addiss, Stephen, |
| Dates associated with a name |
1935- |
| 942 ## - ADDED ENTRY ELEMENTS (KOHA) |
| Source of classification or shelving scheme |
Library of Congress Classification |
| Koha item type |
General circulation |